000
00378cam a2200169ua 4500
020
_c
Rs. 2.65
041
_a
mal
_h
082
_a
951
_b
SRE/IN
100
_a
Sreedevi, .
245
_a
Innathe America
260
_a
Kottayam :
_b
Vidyarthi Mithram Book Depo ,
_c
1966.
300
_a
210 ; .
365
_a
Rs. 2.65
504
_a
942
_c
BK
999
_c
630
_d
630